000 00643nam a2200181Ia 4500
008 140626s9999 xx 000 0 und d
100 _aLahey, Benjamin.
245 _aInteractions between early parenting and a polymorphism of the child's dopamine transprter gene in predicting future child conduct disorder symptoms /
_cBenjamin Lahey ... [et al.].
260 _cc2011.
300 _a120 : 1, page 33
440 _aJournal of Abnormal Psychology
521 _aPSYCH
650 _aConduct disorder.
650 _aDopamine transporter gene.
650 _aGene-environment interaction.
650 _aMaternal parenting.
942 _cSE
999 _c121259
_d121259